000 00313nam a22001337a 4500
008 190225b xxu||||| |||| 00| 0 eng d
020 _a9780761530084
041 _aeng
080 _a159.9
100 _a49
101 _aPSI
245 _aNew Hope for People with Bipolar Disorder
_cFawcett, J
942 _2udc
_cBK
999 _c54203
_d54203